00593 2200193 4500001002100000005001700021008004100038020002700079035002400106082001000130090002000140100002300160245009400183250001100277260003000288300003200318650002800350990002100378YOGYA-0213000000068020130218132119.0 ind  aISBN 978-979-29-3126-6 0010-021300000000680 a745.4 aDEP 745.4 Eri E aERI ROHAYATI, 1967 a40 Sketsa & Pola Busana Muslim Agun, Cantik, dan Ramping /cEri Rohayati; editor Hernita. aCet.1. aYogyakarta:bAndi,c2012. avi, 92 hlm.:bilus.;c19 cm aPakaian-Desain dan Pola aCB-D.112012-1262